000 00260nam a22001097a 4500
008 170105b xxu||||| |||| 00| 0 eng d
020 _a9789780323035
041 _aeng
080 _26TH
_a618.2
245 _aNURSING CARE PLANS
_cGULANICK & MYERS
942 _2udc
_cBK
999 _c2564
_d2564